|
|
|
|
| LEADER |
00574nam a2200145Ia 4500 |
| 008 |
161229s9999 xx 000 0 und d |
| 020 |
|
|
|a 8170223717
|
| 082 |
|
|
|a 306.46 BLA/AP
|
| 100 |
|
|
|a Blankenberg, Floris P
|
| 245 |
|
|
|a Appropriate technologies for rural development in India
|
| 260 |
|
|
|b Concept publishing company
|a New Delhi
|c 1953
|
| 300 |
|
|
|a 296
|
| 942 |
|
|
|c BK
|
| 999 |
|
|
|c 154317
|d 154317
|
| 952 |
|
|
|0 0
|1 0
|4 0
|6 306_460000000000000_BLAAP
|7 0
|9 153393
|a KAUCLV
|b KAUCLV
|d 2016-12-29
|g 300.00
|o 306.46 BLA/AP
|p 905626
|r 2016-12-29
|w 2016-12-29
|y BK
|z Book transferred from CCBM Library ,Acc.No:3926
|